Mi igazságos... és mi nem? a helyes cselekvés elmélete és gyakorlata
Elmentve itt :
| Szerző: | |
|---|---|
| További közreműködők: | |
| Adatforrás: | Philobibl |
| Dokumentumtípus: | Könyv |
| Nyelv: | magyar |
| Kulcsszavak: | politikai filozófia gazdaságelmélet igazságosság szociáletika |
| Megjelent: |
Budapest
Corvina
2012
|
| LEADER | 00532nam a22001697c 4500 | ||
|---|---|---|---|
| 001 | bibPHI0043619 | ||
| 005 | 20200924125140.9 | ||
| 008 | 120327s2012 hu hun d | ||
| 100 | 1 | |a Sandel, Michael J. | |
| 245 | 1 | 0 | |a Mi igazságos... és mi nem? |b a helyes cselekvés elmélete és gyakorlata |c Michael J. Sandel ; [ford. Felcsuti Péter] |
| 260 | |a Budapest |b Corvina |c 2012 | ||
| 300 | |a 338 p. | ||
| 695 | |a politikai filozófia | ||
| 695 | |a gazdaságelmélet | ||
| 695 | |a igazságosság | ||
| 695 | |a szociáletika | ||
| 700 | 1 | |a Felcsuti Péter | |